000 00822cam a2200205 4500
001 WB3704-35
008 000000n2001 000 0 eng u
035 _a(Sirsi) u110528
245 _aNon-food crops for arable land
260 _c2001
490 _aFarmers Guardian
_v 19 January 2001, 13(1)
520 _aNFU predicts that up to a quarter of Britain's arable land may be given over to non-food crops by the end of the decade. However there is a need for farming authorities at both national and EU levels to consistently encourage farmers to adopt these new crops and take advantage of the benefits.
590 _aWB
650 _aALTERNATIVE CROPS
650 _aFARM DIVERSIFICATION
650 _aARABLE FARMERS
650 _aENVIRONMENTAL ISSUES
690 _aRURAL-AGRICULTURE AND FORESTRY
942 _n0
999 _c65886
_d65886